Feynman lectures on physics (Record no. 13285)

MARC details
000 -LEADER
fixed length control field 00636nam a2200205Ia 4500
003 - CONTROL NUMBER IDENTIFIER
control field IN-BaIIA
008 - FIXED-LENGTH DATA ELEMENTS--GENERAL INFORMATION
fixed length control field 211028s9999 xx 000 0 eng d
020 ## - INTERNATIONAL STANDARD BOOK NUMBER
International Standard Book Number 81-85015-84-8
040 ## - CATALOGING SOURCE
Transcribing agency IIA Library
080 ## - UNIVERSAL DECIMAL CLASSIFICATION NUMBER
Universal Decimal Classification number 53
Item number FEY-3
100 ## - MAIN ENTRY--PERSONAL NAME
Personal name Feynman, Richard P.
245 #0 - TITLE STATEMENT
Title Feynman lectures on physics
Remainder of title vol.3
Statement of responsibility, etc. Richard P. Feynman, Robert B. Leighton and Matthew Sands
260 ## - PUBLICATION, DISTRIBUTION, ETC.
Place of publication, distribution, etc. USA
Name of publisher, distributor, etc. Addison-Wesley
Date of publication, distribution, etc. 1965
300 ## - PHYSICAL DESCRIPTION
Extent [various pagings.]
650 ## - SUBJECT ADDED ENTRY--TOPICAL TERM
Topical term or geographic name entry element Physics
9 (RLIN) 73
650 ## - SUBJECT ADDED ENTRY--TOPICAL TERM
Topical term or geographic name entry element quantum mechanics
700 ## - ADDED ENTRY--PERSONAL NAME
Personal name Leighton, Robert. B
9 (RLIN) 3559
700 ## - ADDED ENTRY--PERSONAL NAME
Personal name Sands, Matthew
9 (RLIN) 2166
942 ## - ADDED ENTRY ELEMENTS (KOHA)
Koha item type Books
Holdings
Withdrawn status Lost status Damaged status Not for loan Home library Current library Shelving location Date acquired Total Checkouts Full call number Barcode Date last seen Price effective from Koha item type
        IIA Library-Bangalore IIA Library-Hosakote General Stacks     53/FEY-3 14203 05/11/2021   Books

Powered by Koha